000
00356nam a2200157Ia 4500
003
0STCL
008
150530s9999 xx 000 0 und d
040
_a
STCL
_c
STCL
100
_a
Chesterton
245
_a
Return of Donquixote
260
_b
Chatto and Windus
_c
1927
546
_a
English
942
_2
ddc
_c
BK
999
_c
58760
_d
58760
005
20220125171052.0